000 00485nam a2200169 a 4500
001 4805437
005 20250123152014.0
008 890203s1987 nr a b 000 0 eng
020 _a9781482338
050 0 0 _aBL2465
_b.Q33 1987
082 0 0 _a299/.696
_219
100 1 _aQuarcoopome, T. N. O.
245 1 0 _aWest African traditional religion /
_cT.N.O. Quarcoopome.
260 _aIbadan :
_bAfrican Universities Press,
_c1987.
300 _a200 p. :
_bill. ;
_c22 cm.
942 _2lcc
_cBK
_n0
999 _c2934
_d2934